| 000 | 00670nam a2200217 i 4500 | ||
|---|---|---|---|
| 001 | 80031 | ||
| 003 | ES-MaACL | ||
| 005 | 20250902001103.0 | ||
| 007 | t| | ||
| 008 | 041026s1972 sp ||||1| spa d | ||
| 080 | _a38(460.31)"1404"(093.2) | ||
| 100 | 1 |
_aHinojosa Montalvo, José. _963779 |
|
| 245 | 1 | 0 |
_aCoses vedades, en 1404 / _cmateriales preparados por José Hinojosa Montalvo. |
| 260 |
_aValencia : _bAnubar, _c1972. |
||
| 300 |
_a214 p. ; _c22 cm. |
||
| 490 | 1 | _aComercio medieval valenciano | |
| 650 | 7 |
_aComercio- _zValencia (Reino) _2 _9156123 |
|
| 830 | 0 |
_aComercio medieval valenciano _9183644 |
|
| 852 |
_aES-MaACL _jC-48785 |
||
| 999 |
_c80031 _d80031 |
||